| 000 | 01241nam0a2200313 4500 | ||
|---|---|---|---|
| 001 | RU\NLR\bibl\95316 | ||
| 005 | 20250617081340.0 | ||
| 021 |
_aRU _b2000-8131 _9409 |
||
| 035 | _a(NLR Aleph) 000093156 | ||
| 090 |
_a523358 _c523358 |
||
| 100 | _a20000703d1999 |||y0rusy50 ca | ||
| 101 | 0 | _arus | |
| 102 | _aRU | ||
| 105 | _aa ||||||||| | ||
| 200 | 1 |
_aЭлектродинамика Максвелла как единая теория поля _fС.С. Воронков _gМ-во образования Рос. Федерации, С.-Петерб. гос. техн. ун-т, Псков. политехн. ин-т |
|
| 210 |
_aПсков _cПсков. политехн. ин-т _d1999 |
||
| 215 |
_a99 с. _cил. _d20 |
||
| 320 | _aБиблиогр.: с. 96-99 (69 назв.) | ||
| 606 | 0 |
_aЭлектродинамика _9895145 _3RU\NLR\auth\664262 |
|
| 606 | 0 |
_aФизического поля теория _92173063 _3RU\NLR\auth\661307090 |
|
| 686 | _aВ313 | ||
| 700 | 1 |
_aВоронков _bС. С. _gСергей Семенович _4070 |
|
| 801 | 0 |
_aRU _bNLR _c20000703 _gPSBO |
|
| 801 | 1 |
_aRU _bNLR _c20000703 |
|
| 830 | _aАвт. по кн. | ||
| 852 |
_aNLR _j2000-4/2768 |
||
| 942 | _cBOOK | ||
| 980 | _aNB | ||